Online katalóg knižníc regiónu Turca

Rozprávky z lesa (Record no. 21530)

MARC details
000 -LEADER
fixed length control field 02148cam a2200553 a 4500
001 - CONTROL NUMBER
control field 21530
003 - CONTROL NUMBER IDENTIFIER
control field VRT
005 - DATE AND TIME OF LATEST TRANSACTION
control field 20260303152939.0
008 - FIXED-LENGTH DATA ELEMENTS--GENERAL INFORMATION
fixed length control field 240226s2003 xo a jr 000 j slo
015 ## - NATIONAL BIBLIOGRAPHY NUMBER
National bibliography number SNBA2004/03-02140
020 ## - INTERNATIONAL STANDARD BOOK NUMBER
International Standard Book Number 8055105375
Qualifying information (viazané)
035 ## - SYSTEM CONTROL NUMBER
System control number SNK000408372
035 ## - SYSTEM CONTROL NUMBER
System control number urn:nbn:sk:snk-am3j105
035 ## - SYSTEM CONTROL NUMBER
System control number 4017F071-D8DD-4339-9AD5-70CE0A2AF4AC
035 ## - SYSTEM CONTROL NUMBER
System control number urn:nbn:sk:snk-am00geb8
039 #9 - LEVEL OF BIBLIOGRAPHIC CONTROL AND CODING DETAIL [OBSOLETE]
Level of rules in bibliographic description 202402261809
Level of effort used to assign nonsubject heading access points VLOAD
Level of effort used to assign subject headings 202205091506
Level of effort used to assign classification VLOAD
Level of effort used to assign subject headings 202204221110
Level of effort used to assign classification VLOAD
Level of effort used to assign subject headings 202102251030
Level of effort used to assign classification msnk115
040 ## - CATALOGING SOURCE
Original cataloging agency SNK
Language of cataloging slo
Transcribing agency SNK
Description conventions AACR2
041 0# - LANGUAGE CODE
Language code of text/sound track or separate title slo
044 ## - COUNTRY OF PUBLISHING/PRODUCING ENTITY CODE
MARC country code xo
ISO country code SK
072 #7 - SUBJECT CATEGORY CODE
Subject category code 821.162.4-3
Subject category code subdivision Slovenská próza
Source konspekt
072 #7 - SUBJECT CATEGORY CODE
Subject category code 821-93
Subject category code subdivision Literatúra pre deti a mládež (beletria)
Source konspekt
080 ## - UNIVERSAL DECIMAL CLASSIFICATION NUMBER
Universal Decimal Classification number 821.162.4-93
Edition identifier 1997
080 ## - UNIVERSAL DECIMAL CLASSIFICATION NUMBER
Universal Decimal Classification number 821.162.4-3(0.053.2)
Edition identifier 1997
080 ## - UNIVERSAL DECIMAL CLASSIFICATION NUMBER
Universal Decimal Classification number 821.162.4-34
Edition identifier 2011
080 ## - UNIVERSAL DECIMAL CLASSIFICATION NUMBER
Universal Decimal Classification number 82-34:808.1
Edition identifier 2011
080 ## - UNIVERSAL DECIMAL CLASSIFICATION NUMBER
Universal Decimal Classification number 82-93-053.4/.5
Edition identifier 2011
100 1# - MAIN ENTRY--PERSONAL NAME
Personal name Moric, Rudo,
Dates associated with a name 1921-1985
Relationship aut
245 10 - TITLE STATEMENT
Title Rozprávky z lesa
Statement of responsibility, etc. Rudo Moric ; [ilustroval Mirko Hanák ; doslov napísal Ondrej Sliacky]
250 ## - EDITION STATEMENT
Edition statement 1. vyd.
260 ## - PUBLICATION, DISTRIBUTION, ETC.
Place of publication, distribution, etc. Bratislava
Name of publisher, distributor, etc. Ikar
Date of publication, distribution, etc. 2003
300 ## - PHYSICAL DESCRIPTION
Extent 142 strán
Other physical details farebné ilustrácie
Dimensions 22 cm
490 1# - SERIES STATEMENT
Series statement Zlatý fond literatúry pre deti a mládež
500 ## - GENERAL NOTE
General note Rozložené ilustrácie strane ; údaj o ilustrátorovi prevzatý z rubu titulnej strany
655 #7 - INDEX TERM--GENRE/FORM
Genre/form data or focus term literatúra pre deti
Source of term SNKPH
655 #7 - INDEX TERM--GENRE/FORM
Genre/form data or focus term literatúra pre mládež
Source of term SNKPH
655 #7 - INDEX TERM--GENRE/FORM
Genre/form data or focus term slovenské rozprávky
Source of term SNKPH
655 #7 - INDEX TERM--GENRE/FORM
Genre/form data or focus term autorské rozprávky
Source of term SNKPH
700 1# - ADDED ENTRY--PERSONAL NAME
Personal name Hanák, Mirko,
Dates associated with a name 1921-1971
Relationship ill
700 1# - ADDED ENTRY--PERSONAL NAME
Personal name Sliacky, Ondrej,
Dates associated with a name 1941-
Relationship aft
830 #0 - SERIES ADDED ENTRY--UNIFORM TITLE
Uniform title Zlatý fond literatúry pre deti a mládež
910 ## - USER-OPTION DATA (OCLC)
User-option data snk
942 ## - ADDED ENTRY ELEMENTS (KOHA)
Source of classification or shelving scheme Dewey Decimal Classification
Koha item type Krásna literatúra pre deti
Suppress in OPAC No
949 ## - LOCAL PROCESSING INFORMATION (OCLC)
6 2889046140
a savukS 129533
949 ## - LOCAL PROCESSING INFORMATION (OCLC)
6 270001000210256
a svkbbB 34958
b svkbbm 648883
949 ## - LOCAL PROCESSING INFORMATION (OCLC)
6 17A0382633
9 P60, <04>, [BOOK], {604}
a snkSC 111504 D1
b snkKSP 5575/2003
949 ## - LOCAL PROCESSING INFORMATION (OCLC)
6 17A0382632
9 P60, <03>, [BOOK], {603}
a snkSC 111504
b snkKSP 5574/2003
s 6100:20210419
949 ## - LOCAL PROCESSING INFORMATION (OCLC)
6 273K0118405
a svkpoB 71470
b svkpo460154
r Poškodená väzba
949 ## - LOCAL PROCESSING INFORMATION (OCLC)
6 3869A18427
a bpksh821.162.4-93-3
b bpksh69034
Holdings
Stav vyradenia Strata Poškodenie Spôsob nadobudnutia Domovská knižnica Aktuálna knižnica Dátum nadobudnutia Total checkouts Čiarový kód exemplára Date last seen Typ exemplára
      Dar Obecná knižnica Horná Štubňa Obecná knižnica Horná Štubňa 03.03.2026   9788055105376 03.03.2026 Krásna literatúra pre deti
Projekt je podporený Slovenskou asociáciou knižníc
Prevádzkuje Turčianska knižnica Martin 2026